| 000 | 00801nam a2200205 i 4500 | ||
|---|---|---|---|
| 001 | 113600 | ||
| 003 | ES-MaACL | ||
| 005 | 20251223063019.0 | ||
| 007 | t| | ||
| 008 | 061121s1977 sp r ||||1| spa d | ||
| 100 | 1 |
_aPalou, Francisco, _d1723-1789 _988715 |
|
| 245 | 1 | 0 |
_aBiografía de Fray Junípero Serra, O. F. M. / _cescrita por el P. Francisco Palou ; introducción de Bartolomé Font Obrador ; descripción de la villa de Petra por Jerónimo Berard. |
| 260 |
_aPalma de Mallorca : _bCort, _c1977. |
||
| 300 |
_aXXIV, 366 p., 18 lám. ; _c21 cm + _e1 map. pleg. |
||
| 600 | 1 | 7 |
_aJunípero Serra, _cSanto, _d1713-1784 _2 _9153812 |
| 700 | 1 |
_aFont Obrador, Bartolomé. _951563 |
|
| 700 | 1 |
_aBerard, Jerónimo. _927823 |
|
| 852 |
_aES-MaACL _jA-7415 _bR.96736 |
||
| 999 |
_c113600 _d113600 |
||